Verbes les plus utilisés en France - Statistiques

Statistiques générales
  • Ce quiz a été pris 187 fois
  • Le résultat moyen est 13 sur 40
Statistiques - réponses
Fréquence en % Réponse % Correct
3,5 être
93%
2,8 avoir
92%
2 faire
75%
1,5 aller
73%
1,4 voir
59%
1,7 dire
55%
0,8 parler
55%
1,6 pouvoir
50%
0,7 savoir
49%
1 prendre
48%
1,3 vouloir
45%
1,2 venir
42%
0,8 aimer
39%
0,5 penser
35%
0,5 entendre
33%
0,7 mettre
32%
0,6 croire
30%
0,6 regarder
30%
0,9 donner
29%
1,1 devoir
27%
0,4 tenir
22%
0,9 trouver
22%
0,3 comprendre
21%
0,3 sortir
21%
0,4 entrer
16%
0,5 demander
15%
0,4 connaître
14%
0,3 devenir
14%
0,4 appeler
13%
0,3 commencer
13%
0,3 chercher
12%
0,4 porter
12%
0,4 laisser
11%
0,7 passer
11%
0,5 rester
10%
0,3 suivre
10%
0,5 arriver
9%
0,5 répondre
8%
0,4 sembler
6%
0,3 reprendre
4%
Aucun quiz correspondant
Distribution des résultats
% des personnes avec chaque résultat
Percentile par nombre de réponses
Votre historique - résultats
Vous n’avez pas pris ce quiz